Statistiken für Länder, die an den Südsudan grenzen

Klicken Sie hier um das Quiz zu spielen!

Allgemein

  • Dieses Quiz wurde 57 mal gespielt
  • Das Durchschnittsergebnis liegt bei 6 aus 6

Antwortstatistiken

Land% Korrekt
Sudan
100%
Äthiopien
96%
Demokratische Republik Kongo
93%
Zentralafrikanische Republik
93%
Kenia
91%
Uganda
87%

Verteilung der Resultate

Perzentil nach korrekt beantworteten Fragen

Anzahl Personen mit jedem Resultat

Ihre Resultats-Entwicklung

Sie haben dieses Quiz noch nicht gespielt